000 00415nam a22001697a 4500
999 _c3239
_d3196
008 180928b xxu||||| |||| 00| | tur d
020 _a9750705564
041 _atur
050 _aPL248.T849
100 _aTunç, Ayfer
_91323
245 _aTaş Kağıt Makas
250 _a2. Baskı
260 _aİstanbul:
_bCan Yayınları;
_c2005
300 _a189 sayfa
650 0 _9145
_aTürk Edebiyatı
942 _2lcc
_cBK